[Event "DEM U14 2023"]
[Site "Willingen GER"]
[Date "2023.05.31"]
[Round "6"]
[White "Schuricht, Emil Frederick"]
[Black "Türel, Tugrul"]
[Result "1-0"]
[Termination "normal"]
[Board "6"]
[WhiteElo "1888"]
[BlackElo "1855"]
[WhiteClock "00:15:22"]
[BlackClock "00:01:24"]
[PlyCount "120"]
[WhiteFideId "16270185"]
[BlackFideId "26338408"]
[EventCountry "GER"]
[EventRounds "9"]
[EventType "swiss"]
[EventDate "2023.05.27"]

1. d4 {[%clk 01:30:42]} {[%emt 00:00:17]} d5 {[%clk 01:30:53]} {[%emt
00:00:07]} 2. c4 {[%clk 01:31:06]} {[%emt 00:00:06]} c6 {[%clk 01:31:19]}
{[%emt 00:00:04]} 3. cxd5 {[%clk 01:31:18]} {[%emt 00:00:19]} cxd5 {[%clk
01:31:44]} {[%emt 00:00:05]} 4. Nc3 {[%clk 01:31:43]} {[%emt 00:00:05]} Nf6
{[%clk 01:32:03]} {[%emt 00:00:11]} 5. Bf4 {[%clk 01:32:06]} {[%emt 00:00:06]}
Nc6 {[%clk 01:32:28]} {[%emt 00:00:06]} 6. e3 {[%clk 01:32:32]} {[%emt
00:00:04]} Bf5 {[%clk 01:32:49]} {[%emt 00:00:09]} 7. Nf3 {[%clk 01:32:55]}
{[%emt 00:00:07]} e6 {[%clk 01:33:13]} {[%emt 00:00:05]} 8. Qb3 {[%clk
01:33:19]} {[%emt 00:00:07]} Bb4 {[%clk 01:33:37]} {[%emt 00:00:05]} 9. Bb5
{[%clk 01:33:45]} {[%emt 00:00:05]} O-O {[%clk 01:34:01]} {[%emt 00:00:05]} 10.
Bxc6 {[%clk 01:34:13]} {[%emt 00:00:03]} Bxc3+ {[%clk 01:34:24]} {[%emt
00:00:07]} 11. Qxc3 {[%clk 01:34:39]} {[%emt 00:00:03]} Ne4 {[%clk 01:34:49]}
{[%emt 00:00:05]} 12. Qa3 {[%clk 01:34:57]} {[%emt 00:00:14]} bxc6 {[%clk
01:35:11]} {[%emt 00:00:07]} 13. Ne5 {[%clk 01:34:29]} {[%emt 00:00:58]} g5
{[%clk 01:35:32]} {[%emt 00:00:09]} 14. Bg3 {[%clk 01:22:32]} {[%emt 00:12:27]}
c5 {[%clk 01:34:39]} {[%emt 00:01:23]} 15. f3 {[%clk 01:18:41]} {[%emt
00:04:21]} Nxg3 {[%clk 01:32:28]} {[%emt 00:02:41]} 16. hxg3 {[%clk 01:19:08]}
{[%emt 00:00:02]} f6 {[%clk 01:13:10]} {[%emt 00:19:48]} 17. Nd3 {[%clk
01:07:38]} {[%emt 00:12:01]} cxd4 {[%clk 01:12:06]} {[%emt 00:01:33]} 18. g4
{[%clk 01:05:55]} {[%emt 00:02:13]} Bxd3 {[%clk 00:59:56]} {[%emt 00:12:40]}
19. Qxd3 {[%clk 01:06:23]} {[%emt 00:00:02]} Qa5+ {[%clk 01:00:19]} {[%emt
00:00:07]} 20. Kf1 {[%clk 01:05:44]} {[%emt 00:01:10]} Rf7 {[%clk 00:59:28]}
{[%emt 00:01:20]} 21. exd4 {[%clk 01:04:25]} {[%emt 00:01:49]} Rb8 {[%clk
00:54:19]} {[%emt 00:05:39]} 22. b3 {[%clk 00:52:35]} {[%emt 00:12:21]} Rc8
{[%clk 00:51:38]} {[%emt 00:03:10]} 23. Kf2 {[%clk 00:44:10]} {[%emt 00:08:55]}
Rc3 {[%clk 00:51:22]} {[%emt 00:00:46]} 24. Qe2 {[%clk 00:43:53]} {[%emt
00:00:47]} Qb6 {[%clk 00:41:12]} {[%emt 00:10:40]} 25. Rhd1 {[%clk 00:39:56]}
{[%emt 00:04:27]} Rfc7 {[%clk 00:28:35]} {[%emt 00:13:08]} 26. Kf1 {[%clk
00:38:29]} {[%emt 00:01:56]} Qd6 {[%clk 00:25:16]} {[%emt 00:03:48]} 27. Kg1
{[%clk 00:37:47]} {[%emt 00:01:12]} Kf7 {[%clk 00:20:41]} {[%emt 00:05:06]} 28.
Rd3 {[%clk 00:36:32]} {[%emt 00:01:45]} Qf4 {[%clk 00:16:19]} {[%emt 00:04:51]}
29. Re1 {[%clk 00:35:25]} {[%emt 00:01:37]} R3c6 {[%clk 00:10:19]} {[%emt
00:06:30]} 30. Kh1 {[%clk 00:30:56]} {[%emt 00:05:00]} Kg7 {[%clk 00:04:43]}
{[%emt 00:06:06]} 31. Rd2 {[%clk 00:28:23]} {[%emt 00:03:03]} Rc3 {[%clk
00:03:35]} {[%emt 00:01:38]} 32. Red1 {[%clk 00:23:41]} {[%emt 00:05:12]} Re3
{[%clk 00:01:39]} {[%emt 00:02:26]} 33. Qf2 {[%clk 00:22:57]} {[%emt 00:01:14]}
Rec3 {[%clk 00:01:26]} {[%emt 00:00:43]} 34. Qe2 {[%clk 00:22:34]} {[%emt
00:00:53]} Re3 {[%clk 00:00:58]} {[%emt 00:00:59]} 35. Qf2 {[%clk 00:22:12]}
{[%emt 00:00:51]} Rcc3 {[%clk 00:00:56]} {[%emt 00:00:33]} 36. Re2 {[%clk
00:21:37]} {[%emt 00:01:05]} Rxe2 {[%clk 00:00:46]} {[%emt 00:00:40]} 37. Qxe2
{[%clk 00:22:05]} {[%emt 00:00:01]} Kf7 {[%clk 00:00:49]} {[%emt 00:00:27]} 38.
Qb5 {[%clk 00:15:00]} {[%emt 00:07:36]} Rc7 {[%clk 00:00:38]} {[%emt 00:00:41]}
39. Qd3 {[%clk 00:14:08]} {[%emt 00:01:22]} Kg7 {[%clk 00:00:45]} {[%emt
00:00:23]} 40. Re1 {[%clk 00:13:21]} {[%emt 00:01:16]} h5 {[%clk 00:00:35]}
{[%emt 00:00:40]} 41. Qe2 {[%clk 00:05:31]} {[%emt 00:08:20]} hxg4 {[%clk
00:25:27]} {[%emt 00:05:37]} 42. fxg4 {[%clk 00:34:48]} {[%emt 00:01:14]} Rc6
{[%clk 00:14:51]} {[%emt 00:11:07]} 43. Rd1 {[%clk 00:30:14]} {[%emt 00:05:03]}
e5 {[%clk 00:06:08]} {[%emt 00:09:13]} 44. dxe5 {[%clk 00:22:35]} {[%emt
00:08:09]} fxe5 {[%clk 00:06:35]} {[%emt 00:00:03]} 45. Kg1 {[%clk 00:22:17]}
{[%emt 00:00:47]} d4 {[%clk 00:04:24]} {[%emt 00:02:42]} 46. Re1 {[%clk
00:19:22]} {[%emt 00:03:25]} Rc5 {[%clk 00:02:38]} {[%emt 00:02:16]} 47. b4
{[%clk 00:18:21]} {[%emt 00:01:31]} Rc1 {[%clk 00:01:17]} {[%emt 00:01:51]} 48.
Rxc1 {[%clk 00:18:36]} {[%emt 00:00:15]} Qxc1+ {[%clk 00:01:38]} {[%emt
00:00:10]} 49. Kh2 {[%clk 00:18:34]} {[%emt 00:00:31]} Qf4+ {[%clk 00:00:47]}
{[%emt 00:01:22]} 50. g3 {[%clk 00:18:52]} {[%emt 00:00:11]} Qf6 {[%clk
00:01:07]} {[%emt 00:00:10]} 51. Kg1 {[%clk 00:17:08]} {[%emt 00:02:14]} Qe6
{[%clk 00:00:39]} {[%emt 00:00:58]} 52. Qe4 {[%clk 00:16:46]} {[%emt 00:00:51]}
Kh6 {[%clk 00:00:50]} {[%emt 00:00:21]} 53. Qf5 {[%clk 00:13:36]} {[%emt
00:03:39]} Qxf5 {[%clk 00:00:38]} {[%emt 00:00:42]} 54. gxf5 {[%clk 00:13:53]}
{[%emt 00:00:13]} g4 {[%clk 00:01:04]} {[%emt 00:00:03]} 55. b5 {[%clk
00:13:37]} {[%emt 00:00:48]} Kg5 {[%clk 00:01:05]} {[%emt 00:00:28]} 56. a4
{[%clk 00:13:55]} {[%emt 00:00:12]} Kxf5 {[%clk 00:01:10]} {[%emt 00:00:26]}
57. a5 {[%clk 00:14:17]} {[%emt 00:00:07]} Ke6 {[%clk 00:00:33]} {[%emt
00:01:07]} 58. b6 {[%clk 00:14:39]} {[%emt 00:00:08]} axb6 {[%clk 00:01:00]}
{[%emt 00:00:04]} 59. a6 {[%clk 00:15:05]} {[%emt 00:00:03]} d3 {[%clk
00:01:24]} {[%emt 00:00:06]} 60. Kf1 {[%clk 00:15:22]} {[%emt 00:00:13]} Kd5
{[%emt 00:00:57]} 1-0

[Event "DEM U14 2023"]
[Site "Willingen GER"]
[Date "2023.05.31"]
[Round "6"]
[White "Fruth, David"]
[Black "Dyachuk, Artem"]
[Result "0-1"]
[Termination "normal"]
[Board "7"]
[BlackTitle "FM"]
[WhiteElo "1851"]
[BlackElo "2312"]
[WhiteClock "00:49:24"]
[BlackClock "00:48:59"]
[PlyCount "56"]
[WhiteFideId "16257596"]
[BlackFideId "34107924"]
[EventCountry "GER"]
[EventRounds "9"]
[EventType "swiss"]
[EventDate "2023.05.27"]

1. e4 {[%clk 01:30:57]} {[%emt 00:00:02]} c5 {[%clk 01:30:57]} {[%emt
00:00:04]} 2. Nf3 {[%clk 01:31:20]} {[%emt 00:00:07]} Nc6 {[%clk 01:31:23]}
{[%emt 00:00:04]} 3. d4 {[%clk 01:31:36]} {[%emt 00:00:13]} cxd4 {[%clk
01:31:49]} {[%emt 00:00:04]} 4. Nxd4 {[%clk 01:32:04]} {[%emt 00:00:03]} Nf6
{[%clk 01:32:14]} {[%emt 00:00:04]} 5. Nc3 {[%clk 01:32:21]} {[%emt 00:00:14]}
e5 {[%clk 01:32:41]} {[%emt 00:00:03]} 6. Ndb5 {[%clk 01:32:39]} {[%emt
00:00:12]} d6 {[%clk 01:33:06]} {[%emt 00:00:05]} 7. Bg5 {[%clk 01:32:44]}
{[%emt 00:00:24]} a6 {[%clk 01:33:31]} {[%emt 00:00:06]} 8. Na3 {[%clk
01:33:10]} {[%emt 00:00:04]} b5 {[%clk 01:33:58]} {[%emt 00:00:04]} 9. Bxf6
{[%clk 01:33:29]} {[%emt 00:00:10]} gxf6 {[%clk 01:34:22]} {[%emt 00:00:05]}
10. Nd5 {[%clk 01:33:28]} {[%emt 00:00:31]} Be6 {[%clk 01:27:18]} {[%emt
00:07:35]} 11. c3 {[%clk 01:33:10]} {[%emt 00:00:48]} Bg7 {[%clk 01:26:40]}
{[%emt 00:01:07]} 12. Nc2 {[%clk 01:33:09]} {[%emt 00:00:32]} f5 {[%clk
01:19:32]} {[%emt 00:07:37]} 13. exf5 {[%clk 01:21:34]} {[%emt 00:12:05]} Bxf5
{[%clk 01:19:53]} {[%emt 00:00:10]} 14. Nce3 {[%clk 01:21:45]} {[%emt
00:00:18]} Bg6 {[%clk 01:19:06]} {[%emt 00:01:17]} 15. a4 {[%clk 01:21:28]}
{[%emt 00:00:48]} b4 {[%clk 01:00:46]} {[%emt 00:18:50]} 16. Nxb4 {[%clk
01:18:45]} {[%emt 00:03:13]} Nxb4 {[%clk 01:01:08]} {[%emt 00:00:08]} 17. cxb4
{[%clk 01:19:08]} {[%emt 00:00:06]} O-O {[%clk 01:01:29]} {[%emt 00:00:10]} 18.
b5 {[%clk 01:16:51]} {[%emt 00:02:46]} f5 {[%clk 00:52:38]} {[%emt 00:09:22]}
19. bxa6 {[%clk 01:13:18]} {[%emt 00:04:03]} f4 {[%clk 00:52:48]} {[%emt
00:00:20]} 20. Nd5 {[%clk 01:13:20]} {[%emt 00:00:28]} e4 {[%clk 00:53:01]}
{[%emt 00:00:16]} 21. Bc4 {[%clk 01:07:14]} {[%emt 00:06:36]} Kh8 {[%clk
00:52:50]} {[%emt 00:00:44]} 22. f3 {[%clk 01:00:47]} {[%emt 00:06:55]} exf3
{[%clk 00:48:26]} {[%emt 00:04:54]} 23. Qxf3 {[%clk 01:00:37]} {[%emt
00:00:40]} Be4 {[%clk 00:48:37]} {[%emt 00:00:19]} 24. Qf2 {[%clk 00:56:13]}
{[%emt 00:04:54]} f3 {[%clk 00:48:35]} {[%emt 00:00:32]} 25. g3 {[%clk
00:55:32]} {[%emt 00:01:10]} Bxd5 {[%clk 00:47:59]} {[%emt 00:01:06]} 26. Bxd5
{[%clk 00:55:49]} {[%emt 00:00:14]} Qa5+ {[%clk 00:48:18]} {[%emt 00:00:10]}
27. Qd2 {[%clk 00:54:05]} {[%emt 00:02:14]} f2+ {[%clk 00:48:39]} {[%emt
00:00:09]} 28. Ke2 {[%clk 00:49:24]} {[%emt 00:05:11]} Rae8+ {[%clk 00:48:59]}
{[%emt 00:00:10]} 0-1

[Event "DEM U14 2023"]
[Site "Willingen GER"]
[Date "2023.05.31"]
[Round "6"]
[White "Bräutigam, Alexander"]
[Black "Malinowsky, Levi"]
[Result "1/2-1/2"]
[Termination "normal"]
[Board "8"]
[WhiteElo "1892"]
[BlackElo "2173"]
[WhiteClock "01:05:10"]
[BlackClock "01:00:11"]
[PlyCount "48"]
[WhiteFideId "16245210"]
[BlackFideId "16253094"]
[EventCountry "GER"]
[EventRounds "9"]
[EventType "swiss"]
[EventDate "2023.05.27"]

1. Nf3 {[%clk 01:30:59]} {[%emt 00:00:01]} Nf6 {[%clk 01:30:52]} {[%emt
00:00:08]} 2. c4 {[%clk 01:31:24]} {[%emt 00:00:05]} g6 {[%clk 01:31:14]}
{[%emt 00:00:08]} 3. g3 {[%clk 01:31:39]} {[%emt 00:00:16]} Bg7 {[%clk
01:31:27]} {[%emt 00:00:16]} 4. Bg2 {[%clk 01:32:00]} {[%emt 00:00:08]} O-O
{[%clk 01:31:41]} {[%emt 00:00:16]} 5. O-O {[%clk 01:32:24]} {[%emt 00:00:07]}
c5 {[%clk 01:31:37]} {[%emt 00:00:34]} 6. Nc3 {[%clk 01:32:39]} {[%emt
00:00:15]} Nc6 {[%clk 01:31:37]} {[%emt 00:00:30]} 7. a3 {[%clk 01:26:28]}
{[%emt 00:06:42]} d5 {[%clk 01:27:41]} {[%emt 00:04:26]} 8. cxd5 {[%clk
01:26:36]} {[%emt 00:00:21]} Nxd5 {[%clk 01:28:01]} {[%emt 00:00:09]} 9. Qc2
{[%clk 01:22:29]} {[%emt 00:04:38]} e6 {[%clk 01:22:17]} {[%emt 00:06:14]} 10.
Rd1 {[%clk 01:21:11]} {[%emt 00:01:47]} b6 {[%clk 01:20:06]} {[%emt 00:02:42]}
11. b3 {[%clk 01:14:37]} {[%emt 00:07:04]} Bb7 {[%clk 01:16:57]} {[%emt
00:03:38]} 12. Bb2 {[%clk 01:13:57]} {[%emt 00:01:11]} Nd4 {[%clk 01:12:41]}
{[%emt 00:04:45]} 13. Nxd4 {[%clk 01:13:00]} {[%emt 00:01:28]} cxd4 {[%clk
01:12:53]} {[%emt 00:00:17]} 14. Nxd5 {[%clk 01:11:17]} {[%emt 00:02:14]} Bxd5
{[%clk 01:13:15]} {[%emt 00:00:07]} 15. Bxd5 {[%clk 01:04:04]} {[%emt
00:07:43]} Qxd5 {[%clk 01:13:40]} {[%emt 00:00:06]} 16. Qc4 {[%clk 01:04:13]}
{[%emt 00:00:21]} Qxc4 {[%clk 01:07:34]} {[%emt 00:06:36]} 17. bxc4 {[%clk
01:04:37]} {[%emt 00:00:06]} d3 {[%clk 01:06:21]} {[%emt 00:01:42]} 18. Bxg7
{[%clk 01:04:59]} {[%emt 00:00:09]} dxe2 {[%clk 01:06:42]} {[%emt 00:00:09]}
19. Bxf8 {[%clk 01:05:00]} {[%emt 00:00:29]} exd1=Q+ {[%clk 01:07:02]} {[%emt
00:00:10]} 20. Rxd1 {[%clk 01:05:22]} {[%emt 00:00:08]} Kxf8 {[%clk 01:07:28]}
{[%emt 00:00:04]} 21. Kf1 {[%clk 01:05:01]} {[%emt 00:00:51]} Ke7 {[%clk
01:06:36]} {[%emt 00:01:21]} 22. Ke2 {[%clk 01:05:08]} {[%emt 00:00:23]} Kd6
{[%clk 01:05:27]} {[%emt 00:01:38]} 23. d4 {[%clk 01:05:00]} {[%emt 00:00:39]}
Rc8 {[%clk 01:03:46]} {[%emt 00:02:11]} 24. Kd3 {[%clk 01:05:10]} {[%emt
00:00:20]} h5 {[%clk 01:00:11]} {[%emt 00:04:05]} 1/2-1/2

[Event "DEM U14 2023"]
[Site "Willingen GER"]
[Date "2023.05.31"]
[Round "6"]
[White "Dordevic, Tom"]
[Black "Aniol, Nico"]
[Result "1-0"]
[Termination "normal"]
[Board "9"]
[WhiteElo "2068"]
[BlackElo "1592"]
[WhiteClock "00:22:55"]
[BlackClock "00:50:59"]
[PlyCount "69"]
[WhiteFideId "16260503"]
[BlackFideId "16287096"]
[EventCountry "GER"]
[EventRounds "9"]
[EventType "swiss"]
[EventDate "2023.05.27"]

1. Nf3 {[%clk 01:30:58]} {[%emt 00:00:01]} Nf6 {[%clk 01:30:51]} {[%emt
00:00:09]} 2. c4 {[%clk 01:31:23]} {[%emt 00:00:05]} g6 {[%clk 01:31:17]}
{[%emt 00:00:05]} 3. Nc3 {[%clk 01:31:48]} {[%emt 00:00:04]} Bg7 {[%clk
01:31:27]} {[%emt 00:00:19]} 4. e4 {[%clk 01:32:13]} {[%emt 00:00:06]} d6
{[%clk 01:31:20]} {[%emt 00:00:38]} 5. d4 {[%clk 01:32:38]} {[%emt 00:00:05]}
O-O {[%clk 01:30:59]} {[%emt 00:00:50]} 6. Be2 {[%clk 01:33:00]} {[%emt
00:00:08]} e5 {[%clk 01:29:34]} {[%emt 00:01:55]} 7. O-O {[%clk 01:33:20]}
{[%emt 00:00:10]} Nc6 {[%clk 01:28:55]} {[%emt 00:01:10]} 8. d5 {[%clk
01:33:44]} {[%emt 00:00:06]} Ne7 {[%clk 01:27:45]} {[%emt 00:01:39]} 9. b4
{[%clk 01:33:31]} {[%emt 00:00:44]} Ne8 {[%clk 01:25:22]} {[%emt 00:02:52]} 10.
Nd2 {[%clk 01:33:37]} {[%emt 00:00:24]} f5 {[%clk 01:24:29]} {[%emt 00:01:24]}
11. c5 {[%clk 01:33:41]} {[%emt 00:00:26]} f4 {[%clk 01:20:58]} {[%emt
00:04:00]} 12. a4 {[%clk 01:32:11]} {[%emt 00:02:01]} g5 {[%clk 01:19:53]}
{[%emt 00:01:34]} 13. Nc4 {[%clk 01:31:11]} {[%emt 00:01:30]} Ng6 {[%clk
01:17:55]} {[%emt 00:02:29]} 14. Ba3 {[%clk 01:28:31]} {[%emt 00:03:09]} Nh4
{[%clk 01:13:56]} {[%emt 00:04:29]} 15. f3 {[%clk 01:00:12]} {[%emt 00:28:49]}
h5 {[%clk 01:11:55]} {[%emt 00:02:31]} 16. a5 {[%clk 00:53:38]} {[%emt
00:07:05]} Kh8 {[%clk 01:10:44]} {[%emt 00:01:41]} 17. b5 {[%clk 00:51:21]}
{[%emt 00:02:47]} b6 {[%clk 01:07:12]} {[%emt 00:04:02]} 18. axb6 {[%clk
00:45:05]} {[%emt 00:06:47]} axb6 {[%clk 01:07:32]} {[%emt 00:00:08]} 19. cxb6
{[%clk 00:45:26]} {[%emt 00:00:10]} cxb6 {[%clk 01:07:53]} {[%emt 00:00:08]}
20. Na4 {[%clk 00:45:08]} {[%emt 00:00:48]} Rb8 {[%clk 01:06:55]} {[%emt
00:01:27]} 21. Rc1 {[%clk 00:41:16]} {[%emt 00:04:23]} Rf7 {[%clk 01:01:41]}
{[%emt 00:05:44]} 22. Kh1 {[%clk 00:37:52]} {[%emt 00:03:54]} Rfb7 {[%clk
00:58:30]} {[%emt 00:03:42]} 23. Rc3 {[%clk 00:34:21]} {[%emt 00:04:00]} Ng6
{[%clk 00:54:28]} {[%emt 00:04:32]} 24. Qc2 {[%clk 00:32:23]} {[%emt 00:02:28]}
Ne7 {[%clk 00:53:46]} {[%emt 00:01:12]} 25. Rc1 {[%clk 00:31:21]} {[%emt
00:01:32]} h4 {[%clk 00:50:17]} {[%emt 00:04:00]} 26. h3 {[%clk 00:25:48]}
{[%emt 00:06:02]} Kg8 {[%clk 00:49:37]} {[%emt 00:01:09]} 27. Bb4 {[%clk
00:25:20]} {[%emt 00:00:59]} Qd7 {[%clk 00:50:03]} {[%emt 00:00:04]} 28. Ncxb6
{[%clk 00:21:36]} {[%emt 00:04:14]} Rxb6 {[%clk 00:50:27]} {[%emt 00:00:06]}
29. Nxb6 {[%clk 00:22:03]} {[%emt 00:00:04]} Rxb6 {[%clk 00:50:42]} {[%emt
00:00:15]} 30. Rxc8 {[%clk 00:22:07]} {[%emt 00:00:25]} Nxc8 {[%clk 00:50:54]}
{[%emt 00:00:17]} 31. Qxc8 {[%clk 00:22:31]} {[%emt 00:00:07]} Qxc8 {[%clk
00:50:25]} {[%emt 00:00:59]} 32. Rxc8 {[%clk 00:23:00]} {[%emt 00:00:01]} Kf7
{[%clk 00:50:43]} {[%emt 00:00:12]} 33. Ba5 {[%clk 00:23:22]} {[%emt 00:00:08]}
Rb7 {[%clk 00:51:05]} {[%emt 00:00:08]} 34. b6 {[%clk 00:23:42]} {[%emt
00:00:11]} Ke7 {[%clk 00:50:59]} {[%emt 00:00:36]} 35. Ba6 {[%clk 00:22:55]}
{[%emt 00:01:16]} 1-0

[Event "DEM U14 2023"]
[Site "Willingen GER"]
[Date "2023.05.31"]
[Round "6"]
[White "Korchynskyi, Mykola"]
[Black "Steger, Lukas Daniel"]
[Result "1-0"]
[Termination "normal"]
[Board "10"]
[WhiteElo "2126"]
[BlackElo "1732"]
[WhiteClock "00:48:48"]
[BlackClock "00:01:50"]
[PlyCount "77"]
[WhiteFideId "34138005"]
[BlackFideId "3335151"]
[EventCountry "GER"]
[EventRounds "9"]
[EventType "swiss"]
[EventDate "2023.05.27"]

1. d4 {[%clk 01:30:47]} {[%emt 00:00:13]} Nf6 {[%clk 01:30:53]} {[%emt
00:00:07]} 2. c4 {[%clk 01:31:13]} {[%emt 00:00:03]} g6 {[%clk 01:31:19]}
{[%emt 00:00:05]} 3. Nc3 {[%clk 01:31:40]} {[%emt 00:00:03]} Bg7 {[%clk
01:31:43]} {[%emt 00:00:05]} 4. e4 {[%clk 01:31:57]} {[%emt 00:00:14]} d6
{[%clk 01:32:08]} {[%emt 00:00:05]} 5. Be2 {[%clk 01:32:21]} {[%emt 00:00:06]}
O-O {[%clk 01:32:09]} {[%emt 00:00:27]} 6. Be3 {[%clk 01:32:48]} {[%emt
00:00:05]} e5 {[%clk 01:31:57]} {[%emt 00:00:41]} 7. d5 {[%clk 01:33:12]}
{[%emt 00:00:06]} Na6 {[%clk 01:31:31]} {[%emt 00:00:56]} 8. g4 {[%clk
01:33:32]} {[%emt 00:00:10]} Nc5 {[%clk 01:31:31]} {[%emt 00:00:31]} 9. f3
{[%clk 01:33:56]} {[%emt 00:00:05]} h5 {[%clk 01:30:40]} {[%emt 00:01:22]} 10.
g5 {[%clk 01:32:53]} {[%emt 00:01:33]} Nh7 {[%clk 01:30:19]} {[%emt 00:00:51]}
11. h4 {[%clk 01:33:09]} {[%emt 00:00:14]} f6 {[%clk 01:30:29]} {[%emt
00:00:20]} 12. gxf6 {[%clk 01:30:49]} {[%emt 00:02:50]} Bxf6 {[%clk 01:30:20]}
{[%emt 00:00:39]} 13. Bf2 {[%clk 01:27:24]} {[%emt 00:03:56]} Be7 {[%clk
01:30:31]} {[%emt 00:00:18]} 14. Bg3 {[%clk 01:27:13]} {[%emt 00:00:41]} a5
{[%clk 01:27:17]} {[%emt 00:03:44]} 15. Qc2 {[%clk 01:27:07]} {[%emt 00:00:36]}
Rf7 {[%clk 01:24:36]} {[%emt 00:03:11]} 16. O-O-O {[%clk 01:27:02]} {[%emt
00:00:35]} Bf8 {[%clk 01:23:11]} {[%emt 00:01:54]} 17. Kb1 {[%clk 01:25:55]}
{[%emt 00:01:38]} Bh6 {[%clk 01:23:02]} {[%emt 00:00:39]} 18. Nh3 {[%clk
01:24:16]} {[%emt 00:02:09]} Nf8 {[%clk 01:19:47]} {[%emt 00:03:45]} 19. Rdg1
{[%clk 01:21:51]} {[%emt 00:02:54]} c6 {[%clk 01:09:24]} {[%emt 00:10:54]} 20.
Bf2 {[%clk 01:19:18]} {[%emt 00:03:01]} cxd5 {[%clk 00:43:55]} {[%emt
00:26:01]} 21. cxd5 {[%clk 01:15:43]} {[%emt 00:04:12]} b6 {[%clk 00:40:44]}
{[%emt 00:03:34]} 22. Ng5 {[%clk 01:14:23]} {[%emt 00:01:49]} Bxg5 {[%clk
00:34:38]} {[%emt 00:06:36]} 23. Rxg5 {[%clk 01:12:54]} {[%emt 00:01:59]} Qf6
{[%clk 00:21:02]} {[%emt 00:14:07]} 24. Rhg1 {[%clk 01:12:23]} {[%emt
00:01:00]} Ba6 {[%clk 00:17:27]} {[%emt 00:04:06]} 25. R1g3 {[%clk 01:07:32]}
{[%emt 00:05:20]} Kh7 {[%clk 00:15:07]} {[%emt 00:02:50]} 26. Bxa6 {[%clk
01:03:52]} {[%emt 00:04:10]} Rxa6 {[%clk 00:08:52]} {[%emt 00:06:45]} 27. Qe2
{[%clk 01:03:10]} {[%emt 00:01:11]} Ra8 {[%clk 00:08:22]} {[%emt 00:01:01]} 28.
Qb5 {[%clk 01:00:30]} {[%emt 00:03:10]} Qf4 {[%clk 00:06:52]} {[%emt 00:02:01]}
29. Qe2 {[%clk 00:53:12]} {[%emt 00:07:47]} Qxh4 {[%clk 00:05:24]} {[%emt
00:01:57]} 30. Be3 {[%clk 00:53:11]} {[%emt 00:00:32]} Qh1+ {[%clk 00:05:07]}
{[%emt 00:00:47]} 31. Bc1 {[%clk 00:53:26]} {[%emt 00:00:14]} h4 {[%clk
00:04:08]} {[%emt 00:01:30]} 32. R3g4 {[%clk 00:52:48]} {[%emt 00:01:09]} Rxf3
{[%clk 00:02:58]} {[%emt 00:01:39]} 33. Qd2 {[%clk 00:49:51]} {[%emt 00:03:27]}
Rf6 {[%clk 00:02:08]} {[%emt 00:01:20]} 34. Rg1 {[%clk 00:48:40]} {[%emt
00:01:40]} Qf3 {[%clk 00:02:24]} {[%emt 00:00:15]} 35. Qh2 {[%clk 00:48:39]}
{[%emt 00:00:31]} a4 {[%clk 00:01:54]} {[%emt 00:01:01]} 36. Qxh4+ {[%clk
00:48:40]} {[%emt 00:00:29]} Kg7 {[%clk 00:02:03]} {[%emt 00:00:20]} 37. R5g3
{[%clk 00:48:45]} {[%emt 00:00:23]} Qf2 {[%clk 00:01:38]} {[%emt 00:00:57]} 38.
Qh6+ {[%clk 00:48:24]} {[%emt 00:00:52]} Kf7 {[%clk 00:01:50]} {[%emt
00:00:18]} 39. Be3 {[%clk 00:48:48]} {[%emt 00:00:05]} 1-0